Ekonomické zabezpečenie ekologickej rovnováhy v procese intenzifikácie národného hospodárstva 1. etapa: Riadenie starostlivosti o životné prostredie. Kritická analýza. SPEV 901 111 203
Salvato in:
| Natura: | Libro |
|---|---|
| Lingua: | slovacco |
| Pubblicazione: |
Bratislava
Ústredný ústav národohospodárskeho výskumu
1986
|
| Tags: |
Nessun Tag, puoi essere il primo ad aggiungerne!!
|
MARC
| LEADER | 00000nam a2200000 4500 | ||
|---|---|---|---|
| 001 | c027040 | ||
| 005 | 20251111093942.6 | ||
| 041 | 0 | |a slo | |
| 044 | |a SK | ||
| 245 | 1 | 0 | |a Ekonomické zabezpečenie ekologickej rovnováhy v procese intenzifikácie národného hospodárstva |b 1. etapa: Riadenie starostlivosti o životné prostredie. Kritická analýza. SPEV 901 111 203 |
| 264 | 1 | |a Bratislava |b Ústredný ústav národohospodárskeho výskumu |c 1986 | |
| 300 | |a 114 s. | ||